Aj vám robí problém delegovať?

Delegovanie je jeden z najlepších nástrojov ako získať čas a pritom aj motivovať svojich podriadených. Vždy sa nedarí delegovať všetko, čo by sme chceli - v čom je problém.

Gespeichert in:
Bibliographische Detailangaben
1. Verfasser: Skorková, Zuzana, 1979-
Format: Buchkapitel
Sprache:Slowakisch
Schlagworte:
Tags: Tag hinzufügen
Keine Tags, Fügen Sie das erste Tag hinzu!

MARC

LEADER 00000nla a2200000 4500
001 0185725
005 20240502073159.5
041 0 |a slo 
044 |a SK 
245 1 0 |a Aj vám robí problém delegovať?  |c Zuzana Skorková 
520 |a Delegovanie je jeden z najlepších nástrojov ako získať čas a pritom aj motivovať svojich podriadených. Vždy sa nedarí delegovať všetko, čo by sme chceli - v čom je problém. 
610 2 0 |a podnik 
610 2 0 |a manažment 
610 2 0 |a delegovanie právomoci 
100 1 |a Skorková, Zuzana, 1979-